• 首页
  • 本馆介绍
  • 公告通知
  • 最新文献
  • 馆藏检索
  • 电子资源
  • 读者导购
  • 参考咨询
  • 我的图书馆
  • 登录
  • 详细信息显示
  • 放入我的书架
  • 预约/预借图书
  • 作者相关作品
  • 分类相关作品
  • 丛书相关作品
  • 出版社相关作品

书目信息

  • 表格格式
  • 工作单格式
  • 卡片格式
题名:
计算机基础实训教程
    
 
作者: 薛晓萍 , 龚电花 , 黎夏克 主编
分册:  
出版信息: 北京   中国水利水电出版社  2016.2
页数: 351页
开本: 26cm
丛书名:
单 册:
中图分类: TP3 , TP317.1 , TP316.86
科图分类:
主题词:
电子资源:
ISBN: 978-7-5170-4091-0
000 01220nam0 2200325 450
001 0500003377
005 20171022091413.0
010    @a978-7-5170-4091-0@dCNY45.00
100    @a20171022e2016 em y0chiy ea
101 0  @achi
102    @aCN@b110000
105    @ay z 000yy
106    @ar
200 1  @a计算机基础实训教程@9ji suan ji ji chu shi xun jiao cheng@eWindows 7+Office 2010@f薛晓萍,龚电花,黎夏克主编
210    @a北京@c中国水利水电出版社@d2016.2@h2016.12
215    @a351页@d26cm
330    @a本书是一本讲述计算机基础知识和应用的教材,其主要内容包括计算机基础知识、中文Windows 7的使用、Word 2010的使用、Excel 2010的使用、PowerPoint 2010的使用、Internet基础及多媒体技术七个部分。
517 1  @aWindows 7+Office 2010
610 0  @a计算机科学@x高等职业教育@j教材
610 0  @aWindows 操作系统@x网络操作系统@x高等职业教育@j教材
610 0  @a办公自动化@x应用软件,Office 2010@x高等职业教育@j教材
610 0  @aWindows 7@aOffice
690    @aTP3@v5
690    @aTP317.1@v5
690    @aTP316.86@v5
701  0 @a薛晓萍@9xue xiao ping@4主编
701  0 @a龚电花@9gong dian hua@4主编
701  0 @a黎夏克@9li xia ke@4主编
801  0 @aCN@b91MARC@c20171022
905    @b1036216-20@dTP3@f5@e758
    
    计算机基础实训教程:Windows 7+Office 2010/薛晓萍,龚电花,黎夏克主编.-北京:中国水利水电出版社,2016.2(2016.12)
    351页;26cm
    
    
    ISBN 978-7-5170-4091-0:CNY45.00
    本书是一本讲述计算机基础知识和应用的教材,其主要内容包括计算机基础知识、中文Windows 7的使用、Word 2010的使用、Excel 2010的使用、PowerPoint 2010的使用、Internet基础及多媒体技术七个部分。
●
相关链接 在E读中查询图书 在五车中查询图书 在当当中查询图书 在豆瓣中查询图书


正题名:计算机基础实训教程     索取号:TP3/758         预约/预借

序号 登录号 条形码 馆藏地/架位号 状态 备注
1 1036216   210362169   第二样本阅览室/ [索取号:TP3/758] 在馆    
2 1036217   210362178   密集书库—计算机科学学院/ [索取号:TP3/758] 在馆    
3 1036218   210362187   第三借阅区/ [索取号:TP3/758] 在馆    
4 1036219   210362196   第三借阅区/ [索取号:TP3/758] 在馆    
5 1036220   210362203   第三借阅区/ [索取号:TP3/758] 在馆    
唐山师范学院图书馆 欢迎您!
大连网信软件有限公司© 版权所有